| 000 | 03067cam a2200469Ia 4500 | ||
|---|---|---|---|
| 001 | ocn320531792 | ||
| 003 | OCoLC | ||
| 005 | 20210303085430.0 | ||
| 006 | m d | ||
| 007 | cr un||||||||| | ||
| 008 | 090508s2005 ctu ob 000 0 eng d | ||
| 020 |
_a9781849500593 (electronic bk.) : _c£74.95 ; € 109.95 ; $138.95 |
||
| 020 |
_a1849500592 (electronic bk.) : _c£74.95 ; € 109.95 ; $138.95 |
||
| 020 | _z9780762306794 (hbk.) | ||
| 020 | _z0762306793 (hbk.) | ||
| 040 |
_aVVL _beng _cVVL _dZJC |
||
| 050 | 1 | 4 |
_aLB2322.2 _b.C657 2005 |
| 072 | 7 |
_aJNMN _2bicssc |
|
| 072 | 7 |
_aEDU015000 _2bisacsh |
|
| 080 | _a378 | ||
| 082 | 0 | 4 |
_a378.1/01 _222 |
| 245 | 0 | 0 |
_aComparative perspectives on universities _h[electronic resource] / _cedited by Ragnvald Kalleberg, Fredrik Engelstad, Grete Brochmann, Arnlaug Leira and Lars Mjøset. |
| 260 |
_aStamford, Conn : _bJAI Press, _c2005. |
||
| 300 | _a1 online resource (xxv, 281 p.) | ||
| 490 | 1 |
_aComparative social research, _x0195-6310 ; _vv. 19 |
|
| 504 | _aIncludes bibliographical references. | ||
| 505 | 0 | _aIntroduction / Ragnvald Kalleberg -- Learning academic labor / Patricia J. Gumport -- Early and late adoption of knowledge products: strategic or institutional behavior? / Jeroen Huisman and Eric Beerkens -- The specificity of American higher education / Craig Calhoun -- Analyzing organizational change in higher education / ôse Gornitzka and Peter Maassen -- Policy regimes and policy change: comparing higher education reform policy in three European countries / Ivar Bleiklie -- Governmental steering and innovations in university curricula / Ineke Jenniskens -- Pushing universities to market their products: redefinitions of academic activities in Finland / Marja Häyrinen-Alestalo, Karoliina Snell, and Ulla Peltola -- Review symposium on Burton Clark's Places of inquiry -- Places of inquiry: research and advanced education in modern universities / Burton R. Clark -- Universities: complex bundle institutions and the projects of enlightenment / Ragnvald Kalleberg -- Research and the making of frames / Guy Neave -- Comments on the review essays by Ragnvald Kalleberg and Guy Neave / Burton R. Clark. | |
| 588 | _aDescription based on print version record. | ||
| 600 | 1 | 0 |
_aClark, Burton R. _tPlaces of inquiry. |
| 650 | 0 |
_aUniversities and colleges _vCross-cultural studies. |
|
| 650 | 0 |
_aUniversities and colleges _xAdministration _vCross-cultural studies. |
|
| 650 | 0 |
_aEducation, Higher _xAims and objectives _vCross-cultural studies. |
|
| 650 | 0 |
_aUniversities and colleges _xResearch. |
|
| 650 | 7 |
_aUniversities. _2bicssc |
|
| 650 | 7 |
_aEducation _xHigher. _2bisacsh |
|
| 700 | 1 | _aKalleberg, Ragnvald. | |
| 740 | 4 | 2 | _aThe specificity of American higher education. |
| 776 | 0 | 8 |
_iPrint version: _tComparative perspectives on universities. _dStamford, Conn : JAI Press, 2005 _z0762306793 _w(OCoLC)191733593 |
| 830 | 0 |
_aComparative social research ; _vv. 19. |
|
| 856 | 4 | 0 | _uhttps://www.emerald.com/insight/publication/doi/10.1016/S0195-6310(2000)19 |
| 913 | _1SSbacklist | ||
| 999 |
_c32161 _d32161 |
||